UM Logo
Normal view MARC view
  • Washburn, Erin K.

Entry Personal Name

Number of records used in: 1

001 - CONTROL NUMBER

  • control field: 64382

003 - CONTROL NUMBER IDENTIFIER

  • control field: OSt

005 - DATE AND TIME OF LATEST TRANSACTION

  • control field: 20241206091641.0

008 - FIXED-LENGTH DATA ELEMENTS

  • fixed length control field: 241206|| aca||aabn | a|a d

040 ## - CATALOGING SOURCE

  • Original cataloging agency: OSt

100 ## - HEADING--PERSONAL NAME

  • Personal name: Washburn, Erin K.
  • Relator term: author.